[Event "Preferente Aragonesa 2023 - Grupo 1"]
[Site "Aragon"]
[Date "2023.01.28"]
[Round "1.49"]
[White "Malo Guillen, Jose Luis"]
[Black "Franco Ibanez, Carlos"]
[Result "0-1"]
[WhiteElo "2128"]
[BlackElo "1859"]
[PlyCount "83"]
[EventDate "2023.01.28"]
[WhiteTeam "Las Fuentes A"]
[BlackTeam "Shatranj A"]

1. d4 Nf6 2. Nf3 e6 3. c4 d5 4. Nc3 Be7 5. Bf4 c6 6. e3 Nbd7 7. Qc2 O-O 8. a3
a5 9. h3 b6 10. Be2 Bb7 11. O-O dxc4 12. Bxc4 b5 13. Be2 b4 14. Na4 Nd5 15. Bg3
N5b6 16. Nc5 Nxc5 17. dxc5 Nd7 18. Rfd1 Qc8 19. Bd6 Bxd6 20. Rxd6 Qc7 21. Rad1
Nf6 22. R1d4 bxa3 23. bxa3 Ba6 24. Bxa6 Rxa6 25. Qc4 Qb7 26. Ne5 h6 27. Nxf7
Rxf7 28. Rd8+ Kh7 29. Qxe6 Qe7 30. Qf5+ g6 31. Qc8 Ra7 32. R4d6 Rc7 33. Qa8 Qe5
34. g3 Ne4 35. f4 Qc3 36. Rxg6 Qxe3+ 37. Kg2 Qf2+ 38. Kh1 Kxg6 39. Rg8+ Kf5 40.
Qe8 Rce7 41. Qxc6 Nxg3+ 42. Rxg3 0-1

[Event "Preferente Aragonesa 2023 - Grupo 1"]
[Site "Aragon"]
[Date "2023.01.28"]
[Round "1.50"]
[White "Del Corral Abancens, Alfonso"]
[Black "Roman Gimeno, Javier"]
[Result "1-0"]
[WhiteElo "1853"]
[BlackElo "1899"]
[PlyCount "42"]
[EventDate "2023.01.28"]
[WhiteTeam "Shatranj A"]
[BlackTeam "Las Fuentes A"]

1. e4 Nf6 2. e5 Nd5 3. d4 d6 4. Bc4 e6 5. Nf3 Be7 6. O-O Nc6 7. Qe2 Nb6 8. Bb3
O-O 9. c3 Qe8 10. Bg5 Bxg5 11. Nxg5 h6 12. Nh3 dxe5 13. dxe5 Bd7 14. Nd2 Qe7
15. f4 Qc5+ 16. Kh1 Nd5 17. Rae1 Nce7 18. Ne4 Qb6 19. Qh5 Ng6 20. f5 exf5 21.
Nf6+ gxf6 1-0

[Event "Preferente Aragonesa 2023 - Grupo 1"]
[Site "Aragon"]
[Date "2023.01.28"]
[Round "1.51"]
[White "Javierre Conesa, Alfonso"]
[Black "Munoz Bornao, Miguel Angel"]
[Result "1-0"]
[WhiteElo "1865"]
[BlackElo "1648"]
[PlyCount "117"]
[EventDate "2023.01.28"]
[WhiteTeam "Las Fuentes A"]
[BlackTeam "Shatranj A"]

1. d4 d5 2. c4 e6 3. Nf3 Nf6 4. g3 c6 5. Bg2 Bd6 6. O-O O-O 7. b3 Nbd7 8. Bb2
Re8 9. Re1 e5 10. cxd5 cxd5 11. dxe5 Nxe5 12. Nxe5 Bxe5 13. Bxe5 Rxe5 14. Qd4
Re8 15. Nc3 Be6 16. Rad1 Qa5 17. b4 Qc7 18. Nxd5 Nxd5 19. Bxd5 Rad8 20. e4 b6
21. Qb2 Bxd5 22. exd5 Rxe1+ 23. Rxe1 Qc4 24. Qd2 h6 25. d6 Qc6 26. Rd1 Rd7 27.
Qd3 b5 28. Qd4 Qc4 29. Qc5 Qe6 30. Qxb5 Kh7 31. Qd3+ g6 32. h4 h5 33. a4 Qa2
34. a5 Qa4 35. Qd4 Qc6 36. Qd5 Qa6 37. Kg2 Kg7 38. Qe5+ Kh7 39. Qe8 Qc6+ 40.
Kh2 Kg7 41. Qe5+ Kh7 42. b5 Qc2 43. Qd4 Qa2 44. Qd2 Qb3 45. Qe2 Qb4 46. a6 Rxd6
47. Rxd6 Qxd6 48. Qe3 Qb8 49. Qe7 Qb6 50. Qxf7+ Kh6 51. Qf8+ Kh7 52. Qe7+ Kg8
53. Qe2 Kh7 54. Kg1 Qc5 55. Qe3 Qc7 56. Qe4 Qc1+ 57. Kh2 Qc7 58. Qd5 Qb6 59.
Qb7+ 1-0

[Event "Preferente Aragonesa 2023 - Grupo 1"]
[Site "Aragon"]
[Date "2023.01.28"]
[Round "1.52"]
[White "Alvaro Rada, Gonzalo"]
[Black "Pascual Sese, Lucas"]
[Result "0-1"]
[WhiteElo "1273"]
[BlackElo "1722"]
[PlyCount "112"]
[EventDate "2023.01.28"]
[WhiteTeam "Shatranj A"]
[BlackTeam "Las Fuentes A"]

1. c3 d5 2. Nf3 c6 3. d4 Nf6 4. Bf4 g6 5. Nbd2 Bg7 6. e3 O-O 7. Be2 Nbd7 8. O-O
Re8 9. h3 Nh5 10. Bh2 c5 11. g4 Nhf6 12. Ne5 e6 13. Qc2 Nxe5 14. dxe5 Nd7 15.
f4 c4 16. Rf2 Qc7 17. Nf3 Nc5 18. Rg2 Ne4 19. Nd2 Nxd2 20. Qxd2 b6 21. Rf1 Bb7
22. Bf3 Rad8 23. Qf2 Qc5 24. Kh1 b5 25. h4 Bc8 26. h5 f6 27. exf6 Bxf6 28. g5
Bg7 29. hxg6 hxg6 30. Qc2 Kf7 31. Bg1 Rh8+ 32. Rh2 Rxh2+ 33. Bxh2 Rh8 34. Qf2
a5 35. Bd1 b4 36. Bc2 Rh3 37. Re1 bxc3 38. bxc3 Bxc3 39. Re2 d4 40. e4 Qa3 41.
Kg2 Rh5 42. f5 Rxg5+ 43. Bg3 exf5 44. exf5 Bb7+ 45. Be4 Bxe4+ 46. Rxe4 Rxf5 47.
Rf4 Qb2 48. Rxf5+ gxf5 49. Kf3 Qxf2+ 50. Bxf2 Ke6 51. Bg3 a4 52. Bf4 Kd5 53.
Bg5 d3 54. Ke3 Bd4+ 55. Kd2 Ke4 56. Be7 f4 0-1

[Event "Preferente Aragonesa 2023 - Grupo 2"]
[Site "Aragon"]
[Date "2023.01.28"]
[Round "1.54"]
[White "Brosa Soto, Jesus"]
[Black "Baldellou Vicente, Roberto"]
[Result "1/2-1/2"]
[WhiteElo "1938"]
[BlackElo "1952"]
[PlyCount "55"]
[EventDate "2023.01.28"]
[WhiteTeam "Las Fuentes B"]
[BlackTeam "San Jose A"]

1. d4 Nf6 2. Nf3 g6 3. Nbd2 Bg7 4. e4 d6 5. b3 O-O 6. Bb2 c6 7. Bd3 Qc7 8. O-O
Nbd7 9. Re1 e5 10. c3 Re8 11. Qc2 a6 12. a4 c5 13. dxe5 dxe5 14. Rad1 b6 15.
Nf1 Bb7 16. Ng3 Bc6 17. Qe2 Qb7 18. c4 Rab8 19. Bc3 b5 20. axb5 axb5 21. Nd2 b4
22. Bb2 Ra8 23. Ra1 Rxa1 24. Rxa1 Ra8 25. Rxa8+ Qxa8 26. Bb1 Qb8 27. Qe3 Qd6
28. Qd3 1/2-1/2

[Event "Preferente Aragonesa 2023 - Grupo 2"]
[Site "Aragon"]
[Date "2023.01.28"]
[Round "1.55"]
[White "Palomar Ramon, Santiago"]
[Black "Artal Alegria, Francisco Javier"]
[Result "1-0"]
[WhiteElo "1892"]
[BlackElo "1745"]
[PlyCount "93"]
[EventDate "2023.01.28"]
[WhiteTeam "San Jose A"]
[BlackTeam "Las Fuentes B"]

1. e4 e5 2. Nf3 Qe7 3. Bc4 d6 4. d3 Be6 5. Nbd2 g6 6. c3 Nd7 7. a4 Bg7 8. a5 h6
9. a6 b6 10. Bb5 Ngf6 11. O-O O-O 12. Re1 Nh5 13. d4 Rad8 14. d5 Bg4 15. h3
Bxf3 16. Nxf3 Qf6 17. Bf1 Rb8 18. b4 Rfd8 19. Be3 Bf8 20. g3 Kh7 21. Bg2 Qe7
22. Nh2 Bg7 23. Ng4 Nhf6 24. Bf3 Nxg4 25. hxg4 g5 26. Be2 f6 27. Kg2 Rh8 28.
Rh1 Kg6 29. Bd3 Rh7 30. Qf3 Rhh8 31. Rh5 Nf8 32. Rah1 Qd7 33. Qe2 Rd8 34. f4
Nh7 35. Kf3 Qe7 36. Qh2 Qf8 37. Ke2 Rd7 38. Rf1 Qd8 39. fxe5 fxe5 40. Rf5 Rf8
41. Bxg5 Nxg5 42. Rhxg5+ Kh7 43. Rh5 Rf6 44. g5 Rg6 45. gxh6 Bxh6 46. g4 Rdg7
47. g5 1-0

[Event "Preferente Aragonesa 2023 - Grupo 2"]
[Site "Aragon"]
[Date "2023.01.28"]
[Round "1.56"]
[White "Edeso Perez, Francisco"]
[Black "Ferreruela Romero, Jose Joaquin"]
[Result "0-1"]
[WhiteElo "1713"]
[BlackElo "1874"]
[PlyCount "69"]
[EventDate "2023.01.28"]
[WhiteTeam "Las Fuentes B"]
[BlackTeam "San Jose A"]

1. d4 Nf6 2. Nf3 e6 3. c4 b6 4. Nc3 Bb4 5. Bd2 O-O 6. e3 d5 7. cxd5 exd5 8. Bd3
c5 9. O-O c4 10. Bc2 Bg4 11. a3 Bxc3 12. Bxc3 Nc6 13. h3 Bh5 14. Rc1 Re8 15. g4
Bg6 16. Bxg6 hxg6 17. Qe2 b5 18. b3 Ne4 19. Kg2 Qb6 20. Qc2 Rac8 21. bxc4 bxc4
22. Rb1 Qa6 23. Qb2 Rb8 24. Qa1 Qa4 25. Ne5 Nxe5 26. dxe5 Rxb1 27. Rxb1 Qc2 28.
Be1 Ng5 29. Qb2 Qe4+ 30. Kf1 Qh1+ 31. Ke2 Qxh3 32. Qd4 Qf3+ 33. Kf1 Ne4 34. Rd1
Ng3+ 35. Kg1 0-1

[Event "Preferente Aragonesa 2023 - Grupo 2"]
[Site "Aragon"]
[Date "2023.01.28"]
[Round "1.57"]
[White "Veras Sanz, Marino"]
[Black "Ruiz Fernandez, Daniel"]
[Result "0-1"]
[WhiteElo "2054"]
[BlackElo "1926"]
[PlyCount "90"]
[EventDate "2023.01.28"]
[WhiteTeam "El Olivar B"]
[BlackTeam "MyInvestor Casablanca C"]

1. d4 Nf6 2. c4 e6 3. Nc3 Bb4 4. e3 O-O 5. Nge2 Re8 6. g3 d5 7. Bg2 dxc4 8. Qa4
a5 9. a3 Bd7 10. Qc2 Bxc3+ 11. Qxc3 Bc6 12. Bxc6 Nxc6 13. Qxc4 e5 14. O-O exd4
15. exd4 Qd5 16. Qxd5 Nxd5 17. Nc3 Rad8 18. Rd1 Nce7 19. Bd2 b6 20. Rac1 f6 21.
b4 axb4 22. Nxd5 Nxd5 23. Bxb4 Kf7 24. Rc2 Re6 25. Rdc1 Ke8 26. Kg2 Kd7 27. Kf3
Rde8 28. h4 Re4 29. Rc4 f5 30. R1c2 f4 31. Bd2 fxg3 32. fxg3 R4e6 33. Bf4 Rf8
34. Kg4 c6 35. Ra4 Rxf4+ 36. gxf4 Ne3+ 37. Kf3 Nxc2 38. Ra7+ Kd6 39. Rxg7 Nxd4+
40. Kf2 c5 41. Rxh7 c4 42. Rh8 c3 43. Rd8+ Kc5 44. f5 Re2+ 45. Kf1 c2 0-1

[Event "Preferente Aragonesa 2023 - Grupo 2"]
[Site "Aragon"]
[Date "2023.01.28"]
[Round "1.58"]
[White "Sanjulian Arruga, Pablo"]
[Black "Bailo Remacha, Santiago"]
[Result "1-0"]
[WhiteElo "1911"]
[BlackElo "1928"]
[PlyCount "71"]
[EventDate "2023.01.28"]
[WhiteTeam "MyInvestor Casablanca C"]
[BlackTeam "El Olivar B"]

1. c4 Nf6 2. Nc3 c5 3. Nf3 g6 4. d4 cxd4 5. Nxd4 Bg7 6. e4 d6 7. Be2 O-O 8. Be3
Nc6 9. O-O e5 10. Ndb5 Ne8 11. c5 a6 12. Nxd6 Nxd6 13. cxd6 Nd4 14. Bc4 Qxd6
15. Bd5 Be6 16. f4 Rac8 17. fxe5 Qxe5 18. Bf4 Qf6 19. e5 Qh4 20. Qxd4 Rfd8 21.
Qe3 Rxc3 22. bxc3 Bxd5 23. Rad1 Qg4 24. Qg3 Qe2 25. Rd2 Qc4 26. Rd4 Qc5 27. Qe3
f6 28. c4 fxe5 29. Rxd5 Rxd5 30. cxd5 Qxd5 31. Bh6 Bxh6 32. Qxh6 Qc5+ 33. Kh1
e4 34. Qf4 Qe7 35. Re1 Qb4 36. Qxe4 1-0

[Event "Preferente Aragonesa 2023 - Grupo 2"]
[Site "Aragon"]
[Date "2023.01.28"]
[Round "1.59"]
[White "Arinez Bruna, Octavio"]
[Black "Bello Cera, Raul"]
[Result "1-0"]
[WhiteElo "1876"]
[BlackElo "1657"]
[PlyCount "95"]
[EventDate "2023.01.28"]
[WhiteTeam "El Olivar B"]
[BlackTeam "MyInvestor Casablanca C"]

1. d4 Nf6 2. Bg5 h6 3. Bxf6 exf6 4. e3 d5 5. Bd3 Bd6 6. Qf3 Nc6 7. a3 Ne7 8.
Ne2 Ng6 9. Nd2 c6 10. Qh5 Nf8 11. O-O-O g6 12. Qf3 Nh7 13. e4 Be6 14. Nf4 Ng5
15. Nxe6 fxe6 16. Qe3 Kf7 17. e5 Bf8 18. exf6 Qxf6 19. h4 Nh7 20. Rh3 Kg7 21.
Rg3 g5 22. Bxh7 Rxh7 23. hxg5 hxg5 24. Nf3 Bd6 25. Rxg5+ Kh8 26. Ne5 Bxe5 27.
Qxe5 Rf8 28. f3 Rg7 29. Rh1+ Kg8 30. Rxg7+ Kxg7 31. Re1 Qxe5 32. Rxe5 Kf6 33.
Kd2 Rh8 34. g4 Rh2+ 35. Re2 Rh3 36. Re3 Rg3 37. Ke1 Rg1+ 38. Kf2 Rd1 39. c3 Rb1
40. Re2 b6 41. f4 Rh1 42. Kg2 Rb1 43. Kf3 c5 44. g5+ Kf7 45. Rh2 cxd4 46. cxd4
Rf1+ 47. Ke3 Re1+ 48. Kd3 {el negro pierde por tiempo} 1-0

[Event "Preferente Aragonesa 2023 - Grupo 2"]
[Site "Aragon"]
[Date "2023.01.28"]
[Round "1.60"]
[White "Sese Serrano, Isaac"]
[Black "Munoz Valles, Jorge"]
[Result "0-1"]
[WhiteElo "1378"]
[BlackElo "1838"]
[PlyCount "60"]
[EventDate "2023.01.28"]
[WhiteTeam "MyInvestor Casablanca C"]
[BlackTeam "El Olivar B"]

1. e4 e5 2. Nf3 Nf6 3. Nc3 d6 4. d4 Nbd7 5. h3 Be7 6. g4 h6 7. Bg2 c6 8. O-O
Qc7 9. Re1 Nb6 10. Nh4 Nxg4 11. Nf5 Bxf5 12. exf5 Nf6 13. dxe5 dxe5 14. Qe2
O-O-O 15. Be3 Rhe8 16. a4 Kb8 17. a5 Nbd5 18. Ra4 Bb4 19. Nxd5 Nxd5 20. Rea1
Be7 21. Bxd5 cxd5 22. c3 Bc5 23. Rd1 d4 24. Bd2 e4 25. Qg4 e3 26. Be1 d3 27.
fxe3 Rxe3 28. Kf1 Qc6 29. Rf4 Qh1+ 30. Kf2 Rf3# 0-1

[Event "Preferente Aragonesa 2023 - Grupo 2"]
[Site "Aragon"]
[Date "2023.01.28"]
[Round "1.61"]
[White "Lopez Guaita, Fernando"]
[Black "Carbonel Sanchez, Andres"]
[Result "0-1"]
[WhiteElo "1836"]
[BlackElo "1948"]
[PlyCount "76"]
[EventDate "2023.01.28"]
[WhiteTeam "Utebo San Lamberto A"]
[BlackTeam "Tauste A"]

1. e4 c5 2. d4 cxd4 3. c3 e6 4. cxd4 d5 5. e5 Nc6 6. Nf3 Qb6 7. Bd3 Bd7 8. Be3
Qxb2 9. Nbd2 Nb4 10. Rb1 Nxd3+ 11. Ke2 Qa3 12. Rb3 Qa6 13. Rxd3 Bb5 14. Qb3
Bxd3+ 15. Qxd3 Qxd3+ 16. Kxd3 Rc8 17. Rb1 Rc7 18. Ng1 Ne7 19. f4 Nf5 20. Bf2 h5
21. g3 Be7 22. Ngf3 O-O 23. h3 Rfc8 24. g4 hxg4 25. hxg4 Nh6 26. Nh2 Rc3+ 27.
Ke2 b6 28. Be3 Rc2 29. f5 exf5 30. Bxh6 gxh6 31. gxf5 Bg5 32. Nhf3 Rxa2 33. Kd3
Ra3+ 34. Nb3 a5 35. Ke2 Rc2+ 36. Kd1 Rf2 37. Nbd2 Bxd2 38. Nxd2 Rd3 0-1

[Event "Preferente Aragonesa 2023 - Grupo 2"]
[Site "Aragon"]
[Date "2023.01.28"]
[Round "1.62"]
[White "Muro Turon, Raul"]
[Black "Moursy Sadek, Tarek"]
[Result "1/2-1/2"]
[WhiteElo "1813"]
[BlackElo "1709"]
[PlyCount "60"]
[EventDate "2023.01.28"]
[WhiteTeam "Tauste A"]
[BlackTeam "Utebo San Lamberto A"]

1. e4 e5 2. Nf3 Nc6 3. d4 exd4 4. Bc4 Be7 5. c3 Nf6 6. e5 Ne4 7. Bd5 Nc5 8.
cxd4 Ne6 9. a3 Nb8 10. Nc3 c6 11. Ba2 d5 12. Be3 Nd7 13. O-O a5 14. Nd2 f5 15.
f4 O-O 16. Kh1 g6 17. Rc1 Rf7 18. Qf3 Ndf8 19. Qg3 Ng7 20. Nf3 Nfe6 21. Qe1 Kh8
22. Qd2 Bd7 23. Ne2 Rf8 24. Bb1 Qe8 25. Rg1 h5 26. h4 Qd8 27. Ng5 Bxg5 28. fxg5
Qe7 29. Rgf1 Rf7 30. g3 Qf8 1/2-1/2

[Event "Preferente Aragonesa 2023 - Grupo 2"]
[Site "Aragon"]
[Date "2023.01.28"]
[Round "1.63"]
[White "Arias Alvarez, Alberto"]
[Black "San Lazaro Lorente, David"]
[Result "1-0"]
[WhiteElo "1703"]
[BlackElo "1773"]
[PlyCount "115"]
[EventDate "2023.01.28"]
[WhiteTeam "Utebo San Lamberto A"]
[BlackTeam "Tauste A"]

1. e4 e6 2. d4 d5 3. Bd3 dxe4 4. Bxe4 Nf6 5. Bg5 c5 6. Bxf6 Qxf6 7. Nf3 Nc6 8.
Bxc6+ bxc6 9. O-O Ba6 10. Re1 Rd8 11. c3 cxd4 12. Nxd4 Bc5 13. Qf3 Qxf3 14.
Nxf3 Ke7 15. Nbd2 Rd5 16. Nb3 Bb6 17. Ne5 c5 18. Rad1 Rc8 19. Rxd5 exd5 20.
Nc4+ Kd7 21. Nxb6+ axb6 22. f3 Bc4 23. Nc1 Bb5 24. Kf2 Kd6 25. Nb3 g6 26. g4
Rf8 27. f4 f5 28. g5 Bd3 29. Re3 Be4 30. Nd2 Ra8 31. a3 b5 32. Rh3 Ra7 33.
Nxe4+ dxe4 34. Re3 Kd5 35. h4 Kc4 36. h5 Rd7 37. hxg6 hxg6 38. Ke2 Kb3 39. c4+
Kxc4 40. Rc3+ Kd5 41. Rh3 c4 42. Rh6 Rd6 43. Rh8 Kc5 44. Rc8+ Rc6 45. Re8 Rd6
46. Rc8+ Kb6 47. Rb8+ Ka5 48. Ra8+ Ra6 49. Rf8 Ka4 50. Rf6 Ra8 51. Rxg6 Kb3 52.
Rb6 Kxb2 53. Rxb5+ Kc2 54. g6 Rxa3 55. Rxf5 Rd3 56. g7 Rd2+ 57. Ke3 Rg2 58. Rg5
1-0

[Event "Preferente Aragonesa 2023 - Grupo 2"]
[Site "Aragon"]
[Date "2023.01.28"]
[Round "1.64"]
[White "Solanas Esteban, Hector"]
[Black "Olivan Blasco, Leonardo"]
[Result "1-0"]
[WhiteElo "1666"]
[BlackElo "1426"]
[PlyCount "129"]
[EventDate "2023.01.28"]
[WhiteTeam "Tauste A"]
[BlackTeam "Utebo San Lamberto A"]

1. d4 d5 2. c4 e6 3. Nc3 Nf6 4. cxd5 exd5 5. Bg5 Be7 6. e3 O-O 7. Bd3 Be6 8.
Qc2 Nbd7 9. Nf3 c5 10. dxc5 Nxc5 11. Bxf6 Nxd3+ 12. Qxd3 Bxf6 13. O-O Qa5 14.
Nd4 Rad8 15. Nce2 Qb6 16. b3 Bg4 17. Rac1 Rfe8 18. Qd2 Be5 19. f3 Bh5 20. Ng3
Bg6 21. f4 Bxd4 22. Qxd4 Qxd4 23. exd4 Be4 24. Rc7 Bd3 25. Rfc1 Ba6 26. Kf2 g6
27. a4 h5 28. h4 Ra8 29. R1c5 Rad8 30. a5 Kf8 31. b4 b6 32. axb6 axb6 33. R5c6
Rb8 34. Rd6 Red8 35. Rdd7 Rxd7 36. Rxd7 Bc4 37. f5 b5 38. Kf3 Re8 39. Kf4 Kg7
40. Kg5 Re3 41. Kf4 Re8 42. fxg6 Kxg6 43. Rd6+ Kh7 44. Nxh5 Re4+ 45. Kg3 Re3+
46. Kf2 Re2+ 47. Kg1 Re6 48. Rxe6 fxe6 49. Nf4 Kh6 50. g4 Kg7 51. Nxe6+ Kf6 52.
Nf4 Bb3 53. Kf2 Bc4 54. Ke3 Bb3 55. Nd3 Bc4 56. Ne5 Ba2 57. Kf4 Bb1 58. g5+ Ke6
59. h5 Bc2 60. g6 Kf6 61. Ng4+ Kg7 62. Kg5 Be4 63. h6+ Kh8 64. g7+ Kh7 65. Nf6#
1-0

[Event "Preferente Aragonesa 2023 - Grupo 2"]
[Site "Aragon"]
[Date "2023.01.28"]
[Round "1.65"]
[White "Muro Guerrero, Miguel"]
[Black "Lopez Caudevilla, David"]
[Result "0-1"]
[WhiteElo "1939"]
[BlackElo "2165"]
[PlyCount "56"]
[EventDate "2023.01.28"]
[WhiteTeam "Dr. Azua A"]
[BlackTeam "Actur Rey Fernando A"]

1. e4 g6 2. d4 Bg7 3. Nc3 a6 4. a4 b6 5. g3 Bb7 6. Bg2 f5 7. Nge2 Nf6 8. f3
fxe4 9. fxe4 O-O 10. O-O e5 11. dxe5 Ng4 12. e6 Rxf1+ 13. Bxf1 Qf8 14. Nf4 Qc5+
15. Kg2 Bxc3 16. Bd3 Qf2+ 17. Kh3 h5 18. Ng2 Qf6 19. Be3 Nxe3 20. Nxe3 Qxe6+
21. g4 hxg4+ 22. Nxg4 Bxb2 23. Rb1 Bg7 24. Qe2 d5 25. e5 Nc6 26. Kg3 Rf8 27. c4
Nxe5 28. h3 dxc4 0-1

[Event "Preferente Aragonesa 2023 - Grupo 2"]
[Site "Aragon"]
[Date "2023.01.28"]
[Round "1.66"]
[White "Abos Rosico, Antonio"]
[Black "Cajo Esteban, Ruben"]
[Result "1-0"]
[WhiteElo "2077"]
[BlackElo "1865"]
[PlyCount "47"]
[EventDate "2023.01.28"]
[WhiteTeam "Actur Rey Fernando A"]
[BlackTeam "Dr. Azua A"]

1. e4 e5 2. Nf3 Nf6 3. Nxe5 d6 4. Nf3 Nxe4 5. d4 d5 6. Bd3 Bf5 7. O-O Be7 8.
Re1 Nd7 9. c4 c6 10. Qb3 Qb6 11. Qc2 O-O 12. Nc3 Bb4 13. cxd5 Ndf6 14. Nxe4
Bxe4 15. Rxe4 Nxe4 16. Bxe4 cxd5 17. Bxh7+ Kh8 18. Bf5 g6 19. Bh3 Rfe8 20. Bf4
Kg7 21. Rd1 Re4 22. g3 Rae8 23. Bf1 Qe6 24. Ng5 1-0

[Event "Preferente Aragonesa 2023 - Grupo 2"]
[Site "Aragon"]
[Date "2023.01.28"]
[Round "1.67"]
[White "Garcia Garcia, Enrique"]
[Black "Garcia Alvarez, Sergio"]
[Result "1-0"]
[WhiteElo "1797"]
[BlackElo "1722"]
[PlyCount "77"]
[EventDate "2023.01.28"]
[WhiteTeam "Dr. Azua A"]
[BlackTeam "Actur Rey Fernando A"]

1. d4 d5 2. c4 e6 3. Nc3 Nf6 4. cxd5 exd5 5. Bg5 c6 6. e3 Be7 7. Bd3 O-O 8. Qc2
Nbd7 9. Nge2 Re8 10. O-O Nf8 11. f3 Nh5 12. Bxe7 Qxe7 13. e4 Be6 14. e5 g6 15.
f4 Ng7 16. Ng3 f5 17. Na4 Nd7 18. Rac1 Rec8 19. Qd2 c5 20. Bb5 b6 21. Ba6 Rc7
22. Nc3 Nb8 23. Be2 a6 24. dxc5 Qxc5+ 25. Kh1 Qa5 26. Rfd1 Rd7 27. Bf3 Nc6 28.
Nxd5 Qxd2 29. Rxd2 Bxd5 30. Rxd5 Rc7 31. Rd6 Ne8 32. Rdxc6 Rac8 33. Rxc7 Nxc7
34. Kg1 Kf8 35. Bb7 Rd8 36. Rxc7 Rd1+ 37. Kf2 Rd2+ 38. Ne2 a5 39. e6 1-0

[Event "Preferente Aragonesa 2023 - Grupo 2"]
[Site "Aragon"]
[Date "2023.01.28"]
[Round "1.68"]
[White "Manzanares Uson, Alejandro"]
[Black "Abenia Porroche, Roberto"]
[Result "0-1"]
[WhiteElo "1567"]
[BlackElo "1699"]
[PlyCount "80"]
[EventDate "2023.01.28"]
[WhiteTeam "Actur Rey Fernando A"]
[BlackTeam "Dr. Azua A"]

1. b4 e5 2. Bb2 d6 3. e3 Nf6 4. c4 g6 5. g3 Bg7 6. Bg2 a5 7. b5 O-O 8. Ne2 Re8
9. O-O Nbd7 10. Nbc3 Rb8 11. d4 b6 12. Re1 Qe7 13. Nd5 Nxd5 14. Bxd5 Nf6 15.
Bg2 Bd7 16. Nc3 Rbd8 17. Nd5 Nxd5 18. Bxd5 Be6 19. Bxe6 Qxe6 20. d5 Qh3 21. e4
f5 22. Qf3 Rf8 23. Qg2 Qh6 24. Rad1 g5 25. Rd3 g4 26. Bc1 Qg6 27. f3 h5 28. Rd2
fxe4 29. fxe4 Rf3 30. Rf2 Rdf8 31. Rxf3 Rxf3 32. Rf1 Qxe4 33. Rxf3 gxf3 34. Qf1
Qd4+ 35. Qf2 Qxc4 36. Qxf3 Qxc1+ 37. Kg2 Qd2+ 38. Kh3 Qxa2 39. Qxh5 Qd2 40.
Qe8+ Kh7 0-1

[Event "Preferente Aragonesa 2023 - Grupo 2"]
[Site "Aragon"]
[Date "2023.01.28"]
[Round "1.69"]
[White "Carretero Cacho, Juan Jose"]
[Black "Sanjuan Segura, Ignacio"]
[Result "1/2-1/2"]
[WhiteElo "2054"]
[BlackElo "1820"]
[PlyCount "91"]
[EventDate "2023.01.28"]
[WhiteTeam "Agrupacion A"]
[BlackTeam "Palacio De Pioneros C"]

1. e4 e6 2. d4 d5 3. Nc3 Bb4 4. exd5 exd5 5. Bd3 c6 6. Qf3 Qf6 7. Bf4 Ne7 8.
Qg3 Nd7 9. Nge2 Ng6 10. O-O-O Nxf4 11. Nxf4 O-O 12. Rhe1 Nb6 13. Kb1 Bd6 14.
Nh5 Qh6 15. Qf3 Qg5 16. h3 g6 17. Nf6+ Kg7 18. Ne8+ Rxe8 19. Rxe8 Bg4 20. hxg4
Rxe8 21. Rh1 Nd7 22. Qh3 Nf8 23. g3 Qf6 24. f4 Qxd4 25. g5 Qf2 26. Nd1 Re1 27.
Rxe1 Qxe1 28. Qg4 c5 29. c3 c4 30. Bc2 Kg8 31. Qf3 Bc7 32. Qe3 Qxe3 33. Nxe3
Bb6 34. Nxd5 Bf2 35. Nf6+ Kg7 36. Ne4 Bg1 37. Kc1 Ne6 38. Kd2 Nc5 39. Nxc5 Bxc5
40. Be4 b5 41. Bc6 b4 42. Bd5 bxc3+ 43. bxc3 Bf2 44. g4 Bg3 45. Ke3 Be1 46.
Bxc4 1/2-1/2

[Event "Preferente Aragonesa 2023 - Grupo 2"]
[Site "Aragon"]
[Date "2023.01.28"]
[Round "1.70"]
[White "Crespo Laborda, Alberto"]
[Black "Barros Gutierrez, Angel Luis"]
[Result "1/2-1/2"]
[WhiteElo "1600"]
[BlackElo "2051"]
[PlyCount "74"]
[EventDate "2023.01.28"]
[WhiteTeam "Palacio De Pioneros C"]
[BlackTeam "Agrupacion A"]

1. d4 Nf6 2. c4 e6 3. Nf3 d5 4. Nc3 dxc4 5. e3 a6 6. Bxc4 b5 7. Bd3 Bb7 8. a3
c5 9. dxc5 Bxc5 10. b4 Be7 11. Bb2 Nbd7 12. Be2 O-O 13. O-O Rc8 14. Rc1 Nb6 15.
Ne5 Bd6 16. Qd4 Bxe5 17. Qxe5 Qd2 18. Ba1 Nbd7 19. Qd4 Qxd4 20. exd4 Nb6 21.
Bb2 Rfd8 22. Rfd1 Nc4 23. Bxc4 Rxc4 24. Ne2 Bd5 25. Rc3 Kf8 26. f3 Rxc3 27.
Bxc3 Bc4 28. Kf2 Nd5 29. Bd2 Nb6 30. Be3 Bxe2 31. Kxe2 Nc4 32. Ra1 Rd5 33. Bf2
Nb6 34. Rc1 Ke7 35. Rc7+ Rd7 36. Rc6 Rd6 37. Rxd6 Kxd6 1/2-1/2

[Event "Preferente Aragonesa 2023 - Grupo 2"]
[Site "Aragon"]
[Date "2023.01.28"]
[Round "1.71"]
[White "Mimbela Lopez, Luis"]
[Black "Campana Valencia, Lidia"]
[Result "1-0"]
[WhiteElo "2016"]
[BlackElo "1565"]
[PlyCount "69"]
[EventDate "2023.01.28"]
[WhiteTeam "Agrupacion A"]
[BlackTeam "Palacio De Pioneros C"]

1. d4 d5 2. Nf3 Nf6 3. e3 e6 4. Bd3 Bd6 5. b3 Nbd7 6. Bb2 Qe7 7. Ne5 Ne4 8. O-O
O-O 9. f3 Nec5 10. Be2 f6 11. Ng4 Na6 12. f4 Nb4 13. Nc3 a6 14. e4 c5 15. e5
fxe5 16. fxe5 Bc7 17. Rxf8+ Qxf8 18. Na4 b5 19. a3 Nc6 20. Nxc5 Nxc5 21. dxc5
Qxc5+ 22. Kh1 Qe7 23. c4 dxc4 24. bxc4 b4 25. Qd2 a5 26. Qe3 Bb7 27. Bf3 Rd8
28. Rf1 Bb8 29. axb4 Nxb4 30. Bxb7 Qxb7 31. Qg5 Nc6 32. Ba3 Rc8 33. Bd6 Bxd6
34. exd6 Qd7 35. Nf6+ 1-0

[Event "Preferente Aragonesa 2023 - Grupo 2"]
[Site "Aragon"]
[Date "2023.01.28"]
[Round "1.72"]
[White "Aliaga Cebrian, Luis Angel"]
[Black "Carruez Berges, Santiago"]
[Result "0-1"]
[WhiteElo "1500"]
[BlackElo "1930"]
[PlyCount "82"]
[EventDate "2023.01.28"]
[WhiteTeam "Palacio De Pioneros C"]
[BlackTeam "Agrupacion A"]

1. e4 e6 2. d4 d5 3. e5 c5 4. c3 Nc6 5. Nf3 Qb6 6. Nbd2 Bd7 7. Qb3 c4 8. Qxb6
axb6 9. Be2 b5 10. a3 b4 11. O-O b5 12. Re1 bxc3 13. bxc3 b4 14. Bb2 bxc3 15.
Bxc3 Nh6 16. Nh4 Be7 17. g3 O-O 18. a4 Rfb8 19. Reb1 Bb4 20. Bxb4 Nxb4 21. Bd1
c3 22. Nb3 c2 23. Bxc2 Nxc2 24. Ra2 Nxd4 25. Rab2 Rxb3 26. Rxb3 Nxb3 27. Rxb3
Bxa4 28. Ra3 Bc6 29. Rd3 f6 30. f4 Ra1+ 31. Kf2 fxe5 32. fxe5 Ng4+ 33. Ke2 Bb5
34. Kd2 Ra2+ 35. Kc3 Ra3+ 36. Kb4 Rxd3 37. Kxb5 Nxe5 38. Kc5 g5 39. Ng2 Kf7 40.
Ne1 Rd2 41. h4 Re2 0-1

[Event "Campeonato de Aragon por Equipos 2023 - Division de Honor Global"]
[Site ""]
[Date "2023.02.04"]
[Round "2.2"]
[White "Navarro Alonso, Jorge"]
[Black "Dominguez Bujeda, Jesus"]
[Result "1/2-1/2"]
[WhiteElo "2186"]
[BlackElo "2064"]
[PlyCount "0"]
[WhiteTeam "Helios"]
[BlackTeam "Teruel"]
[EventDate "2023.01.28"]

1. e4 c5 2. Nc3 Nc6 3. Nf3 g6 4. d4 cxd4 5. Nxd4 Bg7 6. Be3 Nf6 7. Nxc6 bxc6 8. e5 
Ng8 9. Bd4 Nh6 10. e6 0-0 11. Bxg7 Kxg7 12. exd7 Bxd7 13. Qd4+ Kg8 14. 0-0-0 Bg4 
 1/2-1/2